[Event "Vojvodina Championship 2012"]
[Site "Novi Sad"]
[Date "2012.07.03"]
[Round "7"]
[White "Kokeza, Mirko"]
[Black "Ilijc, Milan"]
[Result "0-1"]
[WhiteElo "2282"]
[BlackElo "2218"]
[PlyCount "138"]
[EventDate "2012.??.??"]
[Source "Perpetual Check"]

1. d4 c5 2. d5 Nf6 3. c4 e6 4. Nc3 exd5 5. cxd5 d6 6. e4 g6 7. f4 Bg7 8. e5
dxe5 9. fxe5 Nh5 10. Bb5+ Bd7 11. Nf3 O-O 12. Bxd7 Qxd7 13. O-O Na6 14. Qb3 Qc7
15. d6 Qd7 16. Bg5 h6 17. Be7 Rfe8 18. Nd5 Rac8 19. Qc4 b5 20. Qe4 c4 21. g4
Nc5 22. Qd4 Ne6 23. Qe3 Rc5 24. Rad1 Rxd5 25. Rxd5 Nef4 26. Rd2 Qxg4+ 27. Kh1
Qd7 28. Nd4 g5 29. Qe4 Qh3 30. Rf3 Qd7 31. Qc6 Rxe7 32. dxe7 Qxe7 33. Qa8+ Kh7
34. Qe4+ Ng6 35. Nc6 Qc7 36. e6 fxe6 37. Qxe6 Nhf4 38. Qe4 a6 39. Nb4 a5 40.
Nd5 Qc6 41. Nc3 Qc5 42. Rd7 b4 43. Nd5 Qc6 44. Rc7 Qxd5 45. Qxd5 Nxd5 46. Rxc4
Ngf4 47. b3 Kg6 48. Rc5 g4 49. Rf1 Bd4 50. Rxa5 Bc3 51. Rd1 Nf6 52. Rc5 Ne4 53.
Rc6+ Kf5 54. Rf1 h5 55. Rb6 Nd2 56. Re1 Nf3 57. Rb5+ Be5 58. Rexe5+ Nxe5 59.
Rxb4 h4 60. a4 g3 61. hxg3 hxg3 62. Rxf4+ Kxf4 63. a5 Nc6 64. Kg2 Kg4 65. a6
Na7 66. b4 Nb5 67. Kg1 Kf3 68. Kf1 Na7 69. Kg1 g2 0-1

[Event "Vojvodina Championship 2012"]
[Site "Novi Sad"]
[Date "2012.07.03"]
[Round "7"]
[White "Radlovacki, Jovan"]
[Black "Bala, Karlo"]
[Result "1-0"]
[WhiteElo "2412"]
[BlackElo "2232"]
[PlyCount "57"]
[EventDate "2012.??.??"]
[Source "Perpetual Check"]

1. e4 e6 2. d3 c5 3. g3 Nc6 4. Bg2 g6 5. Nf3 Bg7 6. O-O Nge7 7. c3 d5 8. Qe2 b6
9. e5 h6 10. h4 Qc7 11. Re1 Ba6 12. a3 g5 13. hxg5 hxg5 14. Bxg5 Ng6 15. c4
Ncxe5 16. Nc3 O-O 17. Nxe5 Qxe5 18. Qd2 Qf5 19. cxd5 Bxc3 20. bxc3 exd5 21. d4
Bc4 22. Be3 Rac8 23. Kh2 Rc7 24. Bh6 Rd8 25. Bh3 Qf3 26. Qg5 Rd6 27. Bg2 Qf6
28. Re8+ Kh7 29. Qh5 1-0

[Event "Vojvodina Championship 2012"]
[Site "Novi Sad"]
[Date "2012.07.03"]
[Round "7"]
[White "Bodiroga, Predrag"]
[Black "Ratkovic, Milovan"]
[Result "0-1"]
[WhiteElo "2395"]
[BlackElo "2214"]
[PlyCount "164"]
[EventDate "2012.??.??"]
[Source "Perpetual Check"]

1. d4 d5 2. c4 c6 3. Nf3 Nf6 4. Nc3 e6 5. e3 Nbd7 6. Qc2 Bd6 7. b3 O-O 8. Be2
e5 9. cxd5 Nxd5 10. Nxd5 cxd5 11. dxe5 Nxe5 12. Bb2 Bb4+ 13. Kf1 Ng4 14. h4 Qe7
15. Ng5 g6 16. Qd3 Bc5 17. Rc1 b6 18. b4 Bf5 19. Qd2 Bxb4 20. Qd4 f6 21. Bxg4
Bxg4 22. Qxg4 fxg5 23. Qd4 Bc5 24. Qh8+ Kf7 25. Qxh7+ Ke8 26. Qxg6+ Kd7 27. Rh3
gxh4 28. Bd4 Rac8 29. Rd1 Bxd4 30. Qg4+ Qe6 31. Qxd4 Rc2 32. Qa4+ Qc6 33. Qg4+
Kd8 34. Qxh4+ Kc8 35. Rf3 Rxf3 36. Qg4+ Kb8 37. Qxf3 Rxa2 38. Kg1 a5 39. Rxd5
Ra1+ 40. Kh2 Qc7+ 41. g3 Qh7+ 42. Rh5 Qb7 43. e4 a4 44. Qf5 Ra2 45. Kg2 Rc2 46.
Rh7 Rc7 47. Qe5 a3 48. Qe8+ Qc8 49. Qe5 Qb7 50. Rh1 b5 51. Rb1 b4 52. Qe8+ Rc8
53. Qe5+ Rc7 54. Kg1 b3 55. Qe8+ Rc8 56. Qa4 a2 57. Rxb3 a1=Q+ 58. Qxa1 Qxb3
59. Qe5+ Kb7 60. Kg2 Qc4 61. Qb2+ Ka7 62. Qa3+ Kb6 63. Qd6+ Rc6 64. Qb8+ Kc5
65. Qe5+ Kb4 66. Qb2+ Ka4 67. Qa1+ Kb3 68. Qb1+ Kc3 69. Qe1+ Kc2 70. g4 Rg6 71.
Kg3 Qc7+ 72. e5 Rc6 73. Qe2+ Kb3 74. Qd1+ Kb4 75. Qd4+ Rc4 76. Qd5 Rc3+ 77. f3
Rc5 78. Qd6 Qxd6 79. exd6 Rd5 80. f4 Kc5 81. g5 Kxd6 82. Kg4 Ke6 0-1

[Event "Vojvodina Championship 2012"]
[Site "Novi Sad"]
[Date "2012.07.03"]
[Round "7"]
[White "Rubil, Marko"]
[Black "Leskur, Dejan"]
[Result "1/2-1/2"]
[WhiteElo "2216"]
[BlackElo "2393"]
[PlyCount "77"]
[EventDate "2012.??.??"]
[Source "Perpetual Check"]

1. e4 c5 2. Nf3 d6 3. d4 cxd4 4. Nxd4 Nf6 5. Nc3 Nc6 6. Bg5 Qb6 7. Bb5 Bd7 8.
Bxc6 bxc6 9. Bxf6 gxf6 10. b3 f5 11. Nxf5 Bxf5 12. exf5 Bg7 13. Qf3 Qc5 14. Ne4
Qa5+ 15. c3 d5 16. f6 dxe4 17. fxg7 Rg8 18. Qg3 f5 19. Rd1 Kf7 20. b4 Qxa2 21.
Qf4 Qe6 22. g4 Rxg7 23. gxf5 Qc4 24. Qe5 Rag8 25. Rd7 Ke8 26. Qd4 Qxd4 27. Rxd4
Rf7 28. Ke2 Rxf5 29. Ra1 Rg2 30. Rxe4 Rfxf2+ 31. Kd3 Rf3+ 32. Kd4 Rd2+ 33. Kc4
Rc2 34. Ra3 Kf7 35. Kd4 Kf6 36. Rxa7 Rcxc3 37. Rexe7 Rfd3+ 38. Ke4 Re3+ 39. Kd4
1/2-1/2

[Event "Vojvodina Championship 2012"]
[Site "Novi Sad"]
[Date "2012.07.03"]
[Round "7"]
[White "Srdjanov, Stevan"]
[Black "Kosanovic, Goran A"]
[Result "0-1"]
[WhiteElo "2199"]
[BlackElo "2370"]
[PlyCount "72"]
[EventDate "2012.??.??"]
[Source "Perpetual Check"]

1. Nf3 g6 2. c4 Bg7 3. Nc3 c5 4. g3 Nc6 5. Bg2 e5 6. d3 Nge7 7. O-O O-O 8. a3
a5 9. Ne1 d6 10. Nc2 Be6 11. Nd5 Bxd5 12. cxd5 Nd4 13. Nxd4 exd4 14. a4 h5 15.
e4 dxe3 16. fxe3 f5 17. Bd2 Kh7 18. Bc3 Ng8 19. e4 Nh6 20. Qd2 h4 21. Bxg7 Kxg7
22. d4 hxg3 23. hxg3 cxd4 24. Qxd4+ Qf6 25. Qxf6+ Kxf6 26. Rf4 Rae8 27. b4 axb4
28. Rb1 g5 29. Rf2 Re7 30. Rxb4 Rc8 31. exf5 Rc3 32. g4 Rg3 33. Rb6 Nxg4 34.
Rxd6+ Kf7 35. Re6 Nxf2 36. Kxf2 Rg4 0-1

[Event "Vojvodina Championship 2012"]
[Site "Novi Sad"]
[Date "2012.07.03"]
[Round "7"]
[White "Savic, Dragan"]
[Black "Nestorovic, Lazar"]
[Result "0-1"]
[WhiteElo "2174"]
[BlackElo "2365"]
[PlyCount "84"]
[EventDate "2012.??.??"]
[Source "Perpetual Check"]

1. e4 c5 2. Nf3 d6 3. Bb5+ Nc6 4. O-O Bg4 5. c3 Qb6 6. Na3 Nf6 7. Re1 a6 8. Ba4
O-O-O 9. h3 Bh5 10. Nc4 Qc7 11. Bxc6 Qxc6 12. d3 e6 13. a4 d5 14. Nce5 Qc7 15.
Qe2 Bd6 16. g4 Bxe5 17. gxh5 dxe4 18. dxe4 Nxh5 19. Nxe5 Qxe5 20. b4 Nf4 21.
Qe3 g5 22. Qxc5+ Qxc5 23. bxc5 Nd3 24. Re3 Nxc5 25. Ba3 Nb3 26. Ra2 Na5 27. Be7
Rd1+ 28. Kg2 h6 29. Rf3 Rd7 30. Bf6 Rg8 31. c4 g4 32. Rc3 Nc6 33. Rb3 Rg6 34.
Ba1 gxh3+ 35. Kxh3 Rd1 36. Kh2 Rgg1 37. Bf6 Rh1+ 38. Kg3 Rdg1+ 39. Kf4 e5+ 40.
Ke3 Rh3+ 41. f3 Nd4 42. Kf2 Rg6 0-1

[Event "Vojvodina Championship 2012"]
[Site "Novi Sad"]
[Date "2012.07.03"]
[Round "7"]
[White "Doric, Nenad"]
[Black "Ujhazi, Ivan"]
[Result "1/2-1/2"]
[WhiteElo "2339"]
[BlackElo "2212"]
[PlyCount "74"]
[EventDate "2012.??.??"]
[Source "Perpetual Check"]

1. e4 c5 2. Nc3 Nc6 3. Bb5 g6 4. Bxc6 dxc6 5. d3 Bg7 6. Be3 b6 7. Qd2 e5 8.
O-O-O Be6 9. f4 exf4 10. Bxf4 Qd7 11. Nf3 O-O-O 12. Kb1 h6 13. Be5 f6 14. Bg3
Ne7 15. Qf4 Kb7 16. d4 g5 17. Qe3 cxd4 18. Nxd4 Qc8 19. Nxe6 Qxe6 20. Qf3 Rhe8
21. Rhe1 Ng6 22. Qf5 Nf8 23. Kc1 Kc8 24. a4 Rxd1+ 25. Rxd1 Rd8 26. a5 Rxd1+ 27.
Kxd1 Kb7 28. axb6 axb6 29. b3 Qd7+ 30. Qxd7+ Nxd7 31. Kd2 b5 32. Bf2 Bf8 33.
Ne2 c5 34. Ng3 Kc6 35. Nf5 Ne5 36. Bg3 Nf7 37. Kd3 Kd7 1/2-1/2

[Event "Vojvodina Championship 2012"]
[Site "Novi Sad"]
[Date "2012.07.03"]
[Round "7"]
[White "Mastrapovic, Vladimir"]
[Black "Kumic, Filip"]
[Result "1/2-1/2"]
[WhiteElo "2279"]
[BlackElo "2210"]
[PlyCount "125"]
[EventDate "2012.??.??"]
[Source "Perpetual Check"]

1. c4 Nf6 2. Nc3 g6 3. g3 Bg7 4. Bg2 d6 5. d3 O-O 6. Rb1 e5 7. Nf3 a5 8. O-O
Nc6 9. a3 Nd4 10. Nd2 c6 11. b4 axb4 12. axb4 d5 13. Bb2 Bg4 14. h3 Be6 15. e3
Nf5 16. Ne2 Nd7 17. Qc2 Ne7 18. Ra1 Qb6 19. Ra4 Rxa4 20. Qxa4 f5 21. Ba3 Rf7
22. Rb1 Qc7 23. b5 g5 24. bxc6 bxc6 25. cxd5 cxd5 26. Qa6 Nc6 27. Rb7 Qc8 28.
Qb5 e4 29. Bd6 Nf8 30. Rxf7 Bxf7 31. d4 Qd7 32. Bc5 Ne6 33. Nb3 Nxc5 34. Nxc5
Qd6 35. Qb7 Bf6 36. Qc8+ Kg7 37. Qxf5 Ne7 38. Qd7 Qb6 39. g4 Qc6 40. Ng3 Qxd7
41. Nxd7 Be8 42. Nxf6 Kxf6 43. f3 exf3 44. Bxf3 Bg6 45. Kf2 Ke6 46. Ne2 Ng8 47.
Nc3 Nf6 48. Ne2 h5 49. h4 hxg4 50. hxg5 gxf3 51. Nf4+ Kf5 52. gxf6 Bf7 53. Kxf3
Kxf6 54. Kg4 Bg8 55. Ne2 Bh7 56. Nc3 Bg8 57. Kf4 Bf7 58. Nb5 Bg6 59. Nc7 Bf7
60. Kg4 Bg8 61. Kh5 Kf5 62. Kh6 Ke4 63. Nxd5 1/2-1/2

[Event "Vojvodina Championship 2012"]
[Site "Novi Sad"]
[Date "2012.07.03"]
[Round "7"]
[White "Mihalj, Miroslav M"]
[Black "Blazeka, Matej"]
[Result "1/2-1/2"]
[WhiteElo "2276"]
[BlackElo "2202"]
[PlyCount "21"]
[EventDate "2012.??.??"]
[Source "Perpetual Check"]

1. Nf3 d5 2. b3 Bf5 3. Bb2 e6 4. e3 Nf6 5. c4 c6 6. Be2 h6 7. O-O Nbd7 8. d3
Be7 9. Nbd2 O-O 10. Rc1 Bh7 11. Rc2 1/2-1/2

[Event "Vojvodina Championship 2012"]
[Site "Novi Sad"]
[Date "2012.07.03"]
[Round "7"]
[White "Vucinic, Gojko"]
[Black "Cabarkapa, Velibor"]
[Result "1-0"]
[WhiteElo "2150"]
[BlackElo "2271"]
[PlyCount "50"]
[EventDate "2012.??.??"]
[Source "Perpetual Check"]

1. e4 c5 2. Nf3 e6 3. d4 cxd4 4. Nxd4 Nf6 5. Nc3 Nc6 6. Ndb5 d6 7. Bf4 e5 8.
Bg5 a6 9. Na3 b5 10. Bxf6 gxf6 11. Nd5 Bg7 12. Bd3 Be6 13. c3 Ne7 14. Nc2 Bxd5
15. exd5 Qd7 16. a4 O-O 17. g4 Bh6 18. Qf3 Ng6 19. Qe4 bxa4 20. h4 Rfb8 21. Ra2
a5 22. h5 f5 23. Qxf5 Qxf5 24. Bxf5 Ne7 25. Be4 Bc1 {more moves} 1-0

[Event "Vojvodina Championship 2012"]
[Site "Novi Sad"]
[Date "2012.07.03"]
[Round "7"]
[White "Bojanic, Bratislav"]
[Black "Ratkovic, Miloje"]
[Result "1-0"]
[WhiteElo "2245"]
[BlackElo "2176"]
[PlyCount "69"]
[EventDate "2012.??.??"]
[Source "Perpetual Check"]

1. e4 c6 2. d4 d5 3. Nd2 dxe4 4. Nxe4 Bf5 5. Ng3 Bg6 6. h4 h6 7. h5 Bh7 8. Nf3
Nf6 9. Bd3 Bxd3 10. Qxd3 e6 11. Bd2 c5 12. Ne4 cxd4 13. Nxf6+ Qxf6 14. Qb5+ Nd7
15. Qxb7 Rb8 16. Qxa7 Bc5 17. Qc7 Rxb2 18. O-O Ke7 19. Bf4 Rc8 20. Qxc8 Qxf4
21. Rab1 Rxb1 22. Rxb1 Bd6 23. g3 Qxf3 24. Rb7 Qd1+ 25. Kg2 Kf6 26. Qxd7 Qxc2
27. Qxf7+ Ke5 28. Rb5+ Bc5 29. Qc7+ Kd5 30. Qe7 Ke5 31. Qxg7+ Kd6 32. Qf8+ Kc6
33. Qe8+ Kd5 34. Qd7+ Ke5 35. Qc6 1-0

[Event "Vojvodina Championship 2012"]
[Site "Novi Sad"]
[Date "2012.07.03"]
[Round "7"]
[White "Okilj, Tigran"]
[Black "Pucarevic, Milenko"]
[Result "1/2-1/2"]
[WhiteElo "2083"]
[BlackElo "2244"]
[PlyCount "98"]
[EventDate "2012.??.??"]
[Source "Perpetual Check"]

1. d4 Nf6 2. Bg5 g6 3. Bxf6 exf6 4. e3 Bg7 5. c4 O-O 6. Nc3 d6 7. g3 a5 8. Bg2
Na6 9. a3 Rb8 10. Rb1 c6 11. Nge2 Bf5 12. e4 Bd7 13. b4 axb4 14. axb4 Nc7 15.
c5 dxc5 16. bxc5 f5 17. e5 Be6 18. O-O Bc4 19. Rb4 Ba6 20. Qc2 Ne6 21. Rd1 Qe7
22. Na4 Rbd8 23. Nec3 Nc7 24. f4 h5 25. h4 Rfe8 26. Kh2 Bh6 27. Kh3 Ne6 28. Qf2
Nc7 29. Nb6 Bf8 30. Nc4 Bxc4 31. Rxc4 Ra8 32. d5 cxd5 33. Nxd5 Nxd5 34. Rxd5
Rec8 35. Rcd4 Rc7 36. Qd2 Ra3 37. Rd7 Qxc5 38. Rxc7 Qxc7 39. Rd7 Qc3 40. Qxc3
Rxc3 41. Bd5 Bc5 42. Rxf7 b6 43. e6 Rd3 44. Ba2 Ra3 45. Bc4 Rc3 46. Bb5 Re3 47.
Ra7 Kh8 48. Bc4 Re1 49. Rf7 Re3 1/2-1/2

[Event "Vojvodina Championship 2012"]
[Site "Novi Sad"]
[Date "2012.07.04"]
[Round "8"]
[White "Cabarkapa, Novak"]
[Black "Indjic, Aleksandar"]
[Result "0-1"]
[WhiteElo "2242"]
[BlackElo "2432"]
[PlyCount "224"]
[EventDate "2012.??.??"]
[Source "Perpetual Check"]

1. e4 c5 2. Nf3 d6 3. Bc4 Nf6 4. d3 Nc6 5. O-O Bg4 6. h3 Bxf3 7. Qxf3 g6 8. c3
Bg7 9. a3 Ne5 10. Bb5+ Nfd7 11. Qe2 a6 12. Ba4 b5 13. Bb3 O-O 14. Ba2 Rb8 15.
Be3 Nc6 16. f4 a5 17. Nd2 b4 18. axb4 axb4 19. Rfc1 Nb6 20. Nf3 Qd7 21. e5 bxc3
22. bxc3 dxe5 23. fxe5 Nxe5 24. Nxe5 Bxe5 25. Bxc5 Bf6 26. Qe4 Rfc8 27. Bxb6
Rxb6 28. Bc4 Kg7 29. Rc2 Qd6 30. Rf1 Rcb8 31. Qd5 Qxd5 32. Bxd5 Rb2 33. Rxb2
Rxb2 34. Rf2 Rb1+ 35. Rf1 Rb5 36. Bc4 Ra5 37. g4 e6 38. Kg2 Bxc3 39. Rb1 Re5
40. Kf3 Bd4 41. Rf1 Re3+ 42. Kg2 Re2+ 43. Kf3 Rh2 44. Ke4 Bb6 45. Rb1 Re2+ 46.
Kf3 Re3+ 47. Kg2 Bd4 48. Rf1 f5 49. g5 Re2+ 50. Kf3 Rh2 51. Rb1 Rxh3+ 52. Kg2
Rh5 53. Rb7+ Kf8 54. Bxe6 Rxg5+ 55. Kf3 h5 56. Rf7+ Ke8 57. Rh7 Be5 58. d4 Bxd4
59. Bf7+ Kf8 60. Bxg6 Rxg6 61. Rxh5 Ke7 62. Rxf5 Ke6 63. Ke4 Bf6 64. Ra5 Rg4+
65. Kf3 Rb4 66. Ke3 Be5 67. Kd3 Rd4+ 68. Ke3 Kf5 69. Ra2 Rc4 70. Rf2+ Ke6 71.
Ra2 Bd4+ 72. Kd3 Kd5 73. Ra5+ Bc5 74. Ra8 Rg4 75. Rd8+ Bd6 76. Re8 Rg1 77. Ke2
Be5 78. Kf3 Rg3+ 79. Kf2 Rb3 80. Rd8+ Ke4 81. Ke2 Rb7 82. Ra8 Rb2+ 83. Kd1 Kd3
84. Ke1 Bf4 85. Re8 Rh2 86. Kf1 Be3 87. Rd8+ Bd4 88. Re8 Rf2+ 89. Ke1 Rf5 90.
Rd8 Rg5 91. Rf8 Rg1+ 92. Rf1 Rg2 93. Rf8 Rg7 94. Rf3+ Be3 95. Rf8 Ke4 96. Ke2
Rg2+ 97. Kf1 Rc2 98. Re8+ Kf3 99. Rf8+ Bf4 100. Re8 Rh2 101. Rg8 Rh7 102. Rg6
Be5 103. Rg8 Bg7 104. Ke1 Bh6 105. Kf1 Rc7 106. Re8 Rd7 107. Kg1 Bg7 108. Kf1
Bf6 109. Re6 Bh4 110. Kg1 Bf2+ 111. Kh2 Rh7+ 112. Rh6 Rxh6# 0-1

[Event "Vojvodina Championship 2012"]
[Site "Novi Sad"]
[Date "2012.07.04"]
[Round "8"]
[White "Tosic, Miroslav"]
[Black "Nestorovic, Dejan"]
[Result "1/2-1/2"]
[WhiteElo "2415"]
[BlackElo "2390"]
[PlyCount "20"]
[EventDate "2012.??.??"]
[Source "Perpetual Check"]

1. g3 e5 2. c4 Nc6 3. Nc3 g6 4. Bg2 Bg7 5. d3 Nf6 6. Nf3 d6 7. O-O O-O 8. Rb1
a5 9. a3 h6 10. b4 axb4 1/2-1/2

[Event "Vojvodina Championship 2012"]
[Site "Novi Sad"]
[Date "2012.07.04"]
[Round "8"]
[White "Ilijc, Milan"]
[Black "Jovic, Stevan"]
[Result "0-1"]
[WhiteElo "2218"]
[BlackElo "2262"]
[PlyCount "120"]
[EventDate "2012.??.??"]
[Source "Perpetual Check"]

1. c4 c6 2. b3 d5 3. Bb2 Nf6 4. Nf3 Bg4 5. e3 Nbd7 6. Be2 e6 7. O-O Bd6 8. d3
O-O 9. Nc3 Rc8 10. Re1 Bb8 11. h3 Bh5 12. Rc1 Qc7 13. g3 Ne5 14. Nxe5 Qxe5 15.
Bxh5 Qxh5 16. Qxh5 Nxh5 17. g4 Nf6 18. Ne2 Nd7 19. Red1 h5 20. gxh5 Kh7 21. f4
Nf6 22. Ng3 Kh6 23. Kf2 Rg8 24. Rg1 Rcd8 25. Rcd1 d4 26. Bxd4 Bxf4 27. Ne2 Bg5
28. a4 a6 29. Be5 Nxh5 30. d4 Rd7 31. Rg4 Nf6 32. Bxf6 Bxf6 33. Nc3 Be7 34. e4
f5 35. exf5 exf5 36. Rf4 Rf8 37. d5 g5 38. Rf3 Bc5+ 39. Kg2 Re7 40. Rfd3 Kg6
41. R1d2 Rfe8 42. dxc6 bxc6 43. Rd7 Bb4 44. Rxe7 Rxe7 45. Rd3 Bxc3 46. Rxc3
Re2+ 47. Kf3 Rb2 48. Rd3 Kh5 49. c5 a5 50. Rc3 f4 51. Rd3 Kh4 52. Ke4 Rh2 53.
b4 axb4 54. Rb3 Rxh3 55. Rxh3+ Kxh3 56. a5 b3 57. Kd3 f3 58. a6 f2 59. Ke2 b2
60. a7 b1=Q 0-1

[Event "Vojvodina Championship 2012"]
[Site "Novi Sad"]
[Date "2012.07.04"]
[Round "8"]
[White "Copic, Branko"]
[Black "Radlovacki, Jovan"]
[Result "0-1"]
[WhiteElo "2052"]
[BlackElo "2412"]
[PlyCount "80"]
[EventDate "2012.??.??"]
[Source "Perpetual Check"]

1. e4 d5 2. exd5 Qxd5 3. Nc3 Qd8 4. d4 Nf6 5. Nf3 Bg4 6. Be2 e6 7. Bg5 Bb4 8.
O-O h6 9. Bh4 Be7 10. h3 Bxf3 11. Bxf3 c6 12. Qd3 Nbd7 13. Rad1 O-O 14. Rfe1
Re8 15. Bxf6 Nxf6 16. Ne4 Nd5 17. c4 Nf4 18. Qb3 Qc7 19. Ng3 Rad8 20. Nh5 Nxh5
21. Bxh5 Bf6 22. d5 exd5 23. Rxe8+ Rxe8 24. cxd5 cxd5 25. Qxd5 Bxb2 26. g3 Bf6
27. Qd7 Re7 28. Qxc7 Rxc7 29. Rd2 g6 30. Bf3 b5 31. Be4 b4 32. Rd5 Be7 33. g4
Bc5 34. Kf1 a5 35. Rd8+ Kg7 36. Ra8 Ba7 37. Ke2 a4 38. Bd5 b3 39. axb3 a3 40.
b4 a2 0-1

[Event "Vojvodina Championship 2012"]
[Site "Novi Sad"]
[Date "2012.07.04"]
[Round "8"]
[White "Drazic, Sinisa"]
[Black "Bojanic, Bratislav"]
[Result "0-1"]
[WhiteElo "2528"]
[BlackElo "2245"]
[PlyCount "46"]
[EventDate "2012.??.??"]
[Source "Perpetual Check"]

1. d4 Nf6 2. c4 c5 3. d5 b5 4. Nd2 bxc4 5. e4 d6 6. Bxc4 g6 7. Ne2 Bg7 8. Nc3
O-O 9. O-O Nbd7 10. Re1 Ne5 11. Bf1 e6 12. f4 Neg4 13. dxe6 Bxe6 14. h3 Nd5 15.
Nf3 Nxc3 16. bxc3 Bxc3 17. Bd2 Bxa1 18. Qxa1 Nf6 19. f5 gxf5 20. Bg5 Kg7 21. e5
dxe5 22. Qxe5 h6 23. Bh4 Rc8 {more moves} 0-1

[Event "Vojvodina Championship 2012"]
[Site "Novi Sad"]
[Date "2012.07.04"]
[Round "8"]
[White "Saric, Sinisa"]
[Black "Azaric, Slavko"]
[Result "1/2-1/2"]
[WhiteElo "2470"]
[BlackElo "2273"]
[PlyCount "75"]
[EventDate "2012.??.??"]
[Source "Perpetual Check"]

1. d4 d6 2. Nf3 g6 3. c4 Bg7 4. e4 Nf6 5. Nc3 O-O 6. Be2 e5 7. Be3 Ng4 8. Bg5
f6 9. Bc1 exd4 10. Nxd4 f5 11. h3 Nh6 12. exf5 Nxf5 13. Nxf5 Bxf5 14. Be3 Nc6
15. Qd2 a5 16. O-O Kh8 17. Rad1 Qf6 18. Nd5 Qf7 19. b3 b6 20. a3 Rae8 21. b4
axb4 22. axb4 Re6 23. Rfe1 Rfe8 24. Bf1 h5 25. b5 Na5 26. Bd4 Kh7 27. Bxg7 Qxg7
28. Rxe6 Bxe6 29. Re1 Qf7 30. Qe3 Nb7 31. Bd3 Nc5 32. Bc2 Rf8 33. Qd4 Bxd5 34.
cxd5 Re8 35. Rxe8 Qxe8 36. f4 Qe1+ 37. Kh2 Qe2 38. Qf6 1/2-1/2

[Event "Vojvodina Championship 2012"]
[Site "Novi Sad"]
[Date "2012.07.04"]
[Round "8"]
[White "Kosanovic, Goran A"]
[Black "Brajic, Miloje"]
[Result "1/2-1/2"]
[WhiteElo "2370"]
[BlackElo "2235"]
[PlyCount "92"]
[EventDate "2012.??.??"]
[Source "Perpetual Check"]

1. d4 Nf6 2. Bg5 d5 3. e3 Ne4 4. Bf4 e6 5. Bd3 c5 6. Bxe4 dxe4 7. Nc3 cxd4 8.
Qxd4 Qxd4 9. exd4 Bb4 10. Nge2 f5 11. O-O-O Bxc3 12. Nxc3 O-O 13. Nb5 Na6 14.
Nd6 Nb4 15. a3 Nd5 16. Be5 Nf6 17. f3 exf3 18. gxf3 Bd7 19. Nxb7 Bc6 20. Nc5
Bxf3 21. Nxe6 Bxd1 22. Nxf8 Bxc2 23. Bxf6 Rxf8 24. Bxg7 Rc8 25. Rg1 Kf7 26. Kd2
Be4 27. Be5 Rc2+ 28. Ke3 Rg2 29. Rc1 Rxb2 30. Rc7+ Ke6 31. Rxa7 Rb3+ 32. Kf4
Rb7 33. Ra6+ Kd5 34. a4 Kc4 35. Ra8 Rb2 36. Rc8+ Kd3 37. Kg5 Ra2 38. Rc7 Rxa4
39. Bf4 Rxd4 40. Rxh7 Rd8 41. h4 Rg8+ 42. Kf6 Ke2 43. h5 Kf3 44. Rg7 Rh8 45.
Kg5 Rxh5+ 46. Kxh5 Kxf4 1/2-1/2

[Event "Vojvodina Championship 2012"]
[Site "Novi Sad"]
[Date "2012.07.04"]
[Round "8"]
[White "Nestorovic, Lazar"]
[Black "Vucinic, Gojko"]
[Result "1/2-1/2"]
[WhiteElo "2365"]
[BlackElo "2150"]
[PlyCount "87"]
[EventDate "2012.??.??"]
[Source "Perpetual Check"]

1. g3 c5 2. Bg2 Nc6 3. d3 g6 4. Bd2 Bg7 5. Qc1 d6 6. Nc3 Bd7 7. a3 Rb8 8. h4
Nf6 9. Bh6 Bxh6 10. Qxh6 Nd4 11. Qd2 b5 12. e3 Bc6 13. Ne4 Bxe4 14. dxe4 Nc6
15. Ne2 b4 16. axb4 Rxb4 17. b3 Qb6 18. Nc3 c4 19. Nd5 Nxd5 20. exd5 Ne5 21.
Rxa7 Rxb3 22. Qd4 Rb1+ 23. Ke2 O-O 24. Qxb6 Rxb6 25. Rxe7 Rb2 26. Kd2 Ra8 27.
Kc3 Rba2 28. Rc1 R8a3+ 29. Kd4 f5 30. Rb1 Ra8 31. f4 Ng4 32. Kc3 R8a3+ 33. Kd2
Rb3 34. Rc1 Rd3+ 35. Ke2 Rc3 36. Bf3 Raxc2+ 37. Rxc2 Rxc2+ 38. Kd1 Rc3 39. Bxg4
fxg4 40. Ke2 Rc2+ 41. Kf1 Rc1+ 42. Ke2 Rc2+ 43. Kf1 Rc1+ 44. Ke2 1/2-1/2

[Event "Vojvodina Championship 2012"]
[Site "Novi Sad"]
[Date "2012.07.04"]
[Round "8"]
[White "Kler, Borko"]
[Black "Stojanovic, Andjelija"]
[Result "1-0"]
[WhiteElo "2196"]
[BlackElo "2293"]
[PlyCount "88"]
[EventDate "2012.??.??"]
[Source "Perpetual Check"]

1. e4 c5 2. Nf3 Nc6 3. d4 cxd4 4. Nxd4 Nf6 5. Nc3 e5 6. Ndb5 d6 7. Bg5 a6 8.
Na3 b5 9. Nd5 Be7 10. Bxf6 Bxf6 11. c3 Bg5 12. Nc2 O-O 13. h4 Bh6 14. g4 Bf4
15. Qf3 Be6 16. Bd3 Bxd5 17. exd5 Ne7 18. Ne3 f5 19. gxf5 Kh8 20. h5 Ng8 21. h6
gxh6 22. O-O-O Nf6 23. Kb1 b4 24. cxb4 a5 25. b5 a4 26. a3 Rb8 27. Nc2 Bg5 28.
Nb4 e4 29. Bxe4 Rxb5 30. Bc2 Qa8 31. Rd4 Rfb8 32. Qd3 h5 33. Rg1 Bh6 34. Rc4
Rf8 35. Rc7 Rb7 36. Rxb7 Qxb7 37. Bxa4 Qa7 38. Bb5 Qxf2 39. Rf1 Qg2 40. Qe2 Qg5
41. Qe7 Bg7 42. Qa7 h4 43. Rg1 Ng4 44. Rg3 hxg3 1-0

[Event "Vojvodina Championship 2012"]
[Site "Novi Sad"]
[Date "2012.07.04"]
[Round "8"]
[White "Ratkovic, Milovan"]
[Black "Doric, Nenad"]
[Result "1/2-1/2"]
[WhiteElo "2214"]
[BlackElo "2339"]
[PlyCount "41"]
[EventDate "2012.??.??"]
[Source "Perpetual Check"]

1. d4 d5 2. c4 c6 3. Nc3 Nf6 4. Nf3 e6 5. e3 a6 6. a4 Bb4 7. Bd3 c5 8. O-O Nc6
9. Qe2 cxd4 10. exd4 dxc4 11. Bxc4 Nxd4 12. Nxd4 Qxd4 13. Rd1 Qg4 14. f3 Qg6
15. Bb5+ Bd7 16. Bxd7+ Nxd7 17. Nd5 Bd6 18. Nf4 Bc5+ 19. Kh1 Qf6 20. Nd5 Qd8
21. b4 1/2-1/2

[Event "Vojvodina Championship 2012"]
[Site "Novi Sad"]
[Date "2012.07.04"]
[Round "8"]
[White "Nestorovic, Nikola"]
[Black "Ujhazi, Ivan"]
[Result "1-0"]
[WhiteElo "2437"]
[BlackElo "2212"]
[PlyCount "101"]
[EventDate "2012.??.??"]
[Source "Perpetual Check"]

1. e4 c5 2. Nf3 Nc6 3. d4 cxd4 4. Nxd4 g6 5. c4 Nf6 6. Nc3 Nxd4 7. Qxd4 d6 8.
Be3 Bg7 9. Be2 O-O 10. Qd2 Qa5 11. O-O Be6 12. Rac1 Rfe8 13. b3 a6 14. f4 b5
15. f5 Bd7 16. Bf3 Bc6 17. c5 b4 18. Na4 Rad8 19. fxg6 hxg6 20. cxd6 Bxa4 21.
bxa4 Rxd6 22. Qf2 Red8 23. Rc5 Qxa4 24. e5 Rd3 25. exf6 Bxf6 26. Kh1 b3 27.
axb3 Qxb3 28. Re1 a5 29. h3 a4 30. Be4 Rc3 31. Rxc3 Bxc3 32. Rb1 Rd1+ 33. Rxd1
Qxd1+ 34. Qg1 Qb3 35. Qb1 Bb2 36. Qd3 Qxd3 37. Bxd3 a3 38. Bc4 Kg7 39. Kg1 f5
40. Bg5 e5 41. Kf2 f4 42. Kf3 Bc1 43. h4 Bb2 44. Ke4 Ba1 45. Bb3 Bc3 46. Be7
Bb2 47. Bc4 Kh7 48. Bf8 Kh8 49. Bd6 Kh7 50. Bxe5 g5 51. hxg5 1-0

[Event "Vojvodina Championship 2012"]
[Site "Novi Sad"]
[Date "2012.07.04"]
[Round "8"]
[White "Leskur, Dejan"]
[Black "Blazeka, Damjan"]
[Result "1-0"]
[WhiteElo "2393"]
[BlackElo "2123"]
[PlyCount "53"]
[EventDate "2012.??.??"]
[Source "Perpetual Check"]

1. e4 c5 2. Nf3 d6 3. c3 Nf6 4. Bd3 b6 5. O-O Bb7 6. Re1 e6 7. Bc2 Nbd7 8. d4
Be7 9. Nbd2 O-O 10. e5 Nd5 11. Ne4 dxe5 12. dxe5 c4 13. Qe2 b5 14. Neg5 g6 15.
h4 Nc5 16. Nd4 b4 17. Bd2 bxc3 18. bxc3 Rc8 19. Qg4 Nd3 20. h5 Bxg5 21. Bxg5
Qa5 22. hxg6 hxg6 23. Qh4 Qxc3 24. Bf6 Nxf6 25. exf6 Qd2 26. Bxd3 cxd3 27. Red1
1-0

[Event "Vojvodina Championship 2012"]
[Site "Novi Sad"]
[Date "2012.07.04"]
[Round "8"]
[White "Stocko, Josip"]
[Black "Petkovic, Radosav"]
[Result "0-1"]
[WhiteElo "2212"]
[BlackElo "2305"]
[PlyCount "88"]
[EventDate "2012.??.??"]
[Source "Perpetual Check"]

1. d4 Nf6 2. g3 g6 3. Bg2 Bg7 4. e4 d6 5. Ne2 O-O 6. h3 e5 7. Nbc3 Nc6 8. Be3
Bd7 9. d5 Ne7 10. Qd2 Ne8 11. Bh6 f5 12. O-O-O Nf6 13. Bxg7 Kxg7 14. exf5 Nxf5
15. Ne4 Nxe4 16. Bxe4 Qf6 17. Rdf1 c5 18. c3 Rae8 19. f4 Bb5 20. Bd3 Bxd3 21.
Qxd3 e4 22. Qb5 Ne3 23. Rfg1 Qf7 24. c4 Nf5 25. Qb3 Nd4 26. Qe3 Nf5 27. Qc3+
Qf6 28. Qxf6+ Kxf6 29. Kd2 a6 30. g4 Nd4 31. Ke3 Nc2+ 32. Kd2 Nb4 33. a3 Nd3
34. b3 Nf2 35. Rh2 e3+ 36. Kc2 Re4 37. h4 Ke7 38. h5 b5 39. Kc3 Rb8 40. g5 bxc4
41. bxc4 a5 42. h6 Kf7 43. Re1 a4 44. f5 Rb3+ 0-1